| 000 | 00749nam a2200229 i 4500 | ||
|---|---|---|---|
| 001 | bg | ||
| 100 | 1 | _aHordeski, Michael F. | |
| 245 | 1 | 0 |
_aModerniuzuję swój PC - od XT do 486 / _cMichael Hordeski ; [tł. z ang. Lesław Wawrzonek]. |
| 246 |
_iTyt. oryg.: _aUpgrading the IBM PC family 8086 to 486 |
||
| 260 |
_aWarszawa : _bINTERSOFTLAND, _c1994. |
||
| 300 |
_a325 s. : _bfot., rys., wykr. ; _c24 cm. |
||
| 500 | _aTyt. oryg.: "Upgrading the IBM PC family 8086 to 486". | ||
| 650 | 9 |
_aKomputery _xbudowa i organizacja |
|
| 700 | 1 |
_aWAWRZONEK, Lesław. _eTł. |
|
| 020 | _a8386389346 | ||
| 040 | _cBPK | ||
| 041 | 1 |
_apl _henen |
|
| 080 | _a681.322.02 | ||
| 920 | _a83-86389-34-6 | ||
| 942 | _cKS | ||
| 008 | s pl f |000 0 pol | ||
| 999 |
_c6870 _d6870 |
||
| 856 |
_uhttp://koha.tu.koszalin.pl/cgi-bin/koha/opac-detail.pl?biblionumber=6870 _yKatalog online BPK |
||